Egy szál nyári ingben szabadult a forradalomba "önálló ország vagyunk, a NATO és az EU tagja; összehasonlíthatatlanul jobban, szabadabban élünk most, mint a kommunizmus alatt"

Bibliographic Details
Main Authors: Szentgáli, Anikó B. (Author, Interviewer), Čarnogurský, Ján, 1944- (Author)
Format: Article
Language:Hungarian
PhysicalDescription:Fotogr.
Subjects:

MARC

LEADER 00000nab a2200000 ar4500
001 vtls008901681
003 SK-MaSNL
005 20260319071403.0
008 061121c20061118xo |||||||| 000 b|hun
015 |a SNBRB2006/11  |2 snkbucl 
038 |a SNKBUCL 
040 |a DSZK  |b slo  |c DSZK  |e AACR2 
041 0 |a hun 
044 |a xo  |c SK 
080 |a 342.534  |2 1997 
100 1 |a Szentgáli, Anikó B.  |4 ivr  |4 aut  |9 840415 
245 1 0 |a Egy szál nyári ingben szabadult a forradalomba  |b "önálló ország vagyunk, a NATO és az EU tagja; összehasonlíthatatlanul jobban, szabadabban élünk most, mint a kommunizmus alatt"  |c B. Szentgáli Anikó, Čarnogurský Ján 
300 |b Fotogr. 
600 1 7 |a Čarnogurský, Ján,  |d 1944-  |2 snkbucl  |9 196516 
655 7 |a rozhovory  |2 snkbucl  |9 31831 
700 1 |a Čarnogurský, Ján,  |d 1944-  |4 ive  |4 aut  |9 196516 
773 0 |t Új szó  |g Évf. 59, sz. 265 (18.11.2006), o. 8 
852 |a SNK  |b KIS3GCP 
852 |a DSZK  |b KIS3GCP 
958 |a HU 
958 |a SK 
999 |c 1759923  |d 1761853